Statistiken für Länder der Welt nach Fläche

Klicken Sie hier um das Quiz zu spielen!

Allgemein

  • Dieses Quiz wurde 1.314 mal gespielt
  • Das Durchschnittsergebnis liegt bei 87 aus 196

Antwortstatistiken

Fläche in km²LandKontinent% Korrekt
17.098.242RusslandEuropa/Asien
96%
9.596.961ChinaAsien
95%
9.984.670KanadaNordamerika
95%
9.826.675Vereinigte StaatenNordamerika
95%
8.514.877BrasilienSüdamerika
94%
7.741.220AustralienOzeanien
93%
3.287.263IndienAsien
92%
2.780.400ArgentinienSüdamerika
90%
2.724.900KasachstanAsien
87%
1.964.375MexikoNordamerika
84%
2.381.741AlgerienAfrika
83%
2.344.858Dem. Rep. KongoAfrika
81%
2.149.690Saudi-ArabienAsien
79%
1.904.569IndonesienAsien
74%
1.886.068SudanAfrika
73%
1.285.216PeruSüdamerika
72%
1.759.540LibyenAfrika
71%
1.648.195IranAsien
70%
783.562TürkeiAsien/Europa
68%
1.138.910KolumbienSüdamerika
67%
1.564.116MongoleiAsien
67%
1.267.000NigerAfrika
65%
1.284.000TschadAfrika
65%
1.098.581BolivienSüdamerika
64%
1.240.192MaliAfrika
62%
912.050VenezuelaSüdamerika
62%
1.246.700AngolaAfrika
61%
756.102ChileSüdamerika
61%
1.219.090SüdafrikaAfrika
60%
603.550UkraineEuropa
60%
551.500FrankreichEuropa
59%
1.001.450ÄgyptenAfrika
57%
505.370SpanienEuropa
57%
1.104.300ÄthiopienAfrika
56%
1.030.700MauretanienAfrika
55%
357.121DeutschlandEuropa
54%
450.295SchwedenEuropa
54%
923.768NigeriaAfrika
52%
406.752ParaguaySüdamerika
52%
947.300TansaniaAfrika
52%
0,44VatikanstadtEuropa
52%
2,03MonacoEuropa
51%
824.292NamibiaAfrika
51%
796.095PakistanAsien
51%
462.840Papua-NeuguineaOzeanien
51%
160LiechtensteinEuropa
49%
799.380MosambikAfrika
49%
61San MarinoEuropa
49%
338.145FinnlandEuropa
48%
752.618SambiaAfrika
48%
652.230AfghanistanAsien
47%
676.578MyanmarAsien
47%
21NauruOzeanien
47%
323.802NorwegenEuropa
47%
312.685PolenEuropa
46%
468AndorraEuropa
45%
283.561EcuadorSüdamerika
45%
301.340ItalienEuropa
45%
316MaltaEuropa
45%
712.550MarokkoAfrika
45%
163.820SurinameSüdamerika
45%
176.215UruguaySüdamerika
45%
214.969GuyanaSüdamerika
44%
267.710NeuseelandOzeanien
44%
637.657SomaliaAfrika
44%
581.730BotswanaAfrika
43%
580.367KeniaAfrika
43%
130.730NicaraguaNordamerika
43%
26TuvaluOzeanien
43%
112.090HondurasNordamerika
42%
527.968JemenAsien
42%
238.391RumänienEuropa
42%
513.120ThailandAsien
42%
243.610Vereinigtes KönigreichEuropa
42%
9.251ZypernAsien/Europa
42%
207.600BelarusEuropa
41%
131.957GriechenlandEuropa
41%
108.889GuatemalaNordamerika
41%
2.586LuxemburgEuropa
41%
587.041MadagaskarAfrika
41%
488.100TurkmenistanAsien
41%
447.400UsbekistanAsien
41%
438.317IrakAsien
40%
377.915JapanAsien
40%
110.860KubaNordamerika
40%
298MaledivenAsien
40%
181MarshallinselnOzeanien
40%
455SeychellenAfrika
40%
261St. Kitts und NevisNordamerika
40%
619.745SüdsudanAfrika
40%
622.984Zentralafrikanische RepublikAfrika
40%
110.879BulgarienEuropa
39%
964São Tomé und PríncipeAfrika
39%
697SingapurAsien
39%
443Antigua und BarbudaNordamerika
38%
760BahrainAsien
38%
5.765BruneiAsien
38%
344GrenadaNordamerika
38%
389St. Vincent und die GrenadinenNordamerika
38%
430BarbadosNordamerika
37%
103.000IslandEuropa
37%
475.440KamerunAfrika
37%
4.033Kap VerdeAfrika
37%
2.235KomorenAfrika
37%
10.887KosovoEuropa
37%
118.484MalawiAfrika
37%
329.847MalaysiaAsien
37%
2.040MauritiusAfrika
37%
13.812MontenegroEuropa
37%
83.871ÖsterreichEuropa
37%
459PalauOzeanien
37%
75.420PanamaNordamerika
37%
92.090PortugalEuropa
37%
390.757SimbabweAfrika
37%
331.210VietnamAsien
37%
143.998BangladeschAsien
36%
51.100Costa RicaNordamerika
36%
48.670Dominikanische RepublikNordamerika
36%
117.600EritreaAfrika
36%
147.181NepalAsien
36%
120.538NordkoreaAsien
36%
342.000Republik KongoAfrika
36%
616St. LuciaNordamerika
36%
143.100TadschikistanAsien
36%
747TongaOzeanien
36%
78.867TschechienEuropa
36%
93.028UngarnEuropa
36%
751DominicaNordamerika
35%
322.463ElfenbeinküsteAfrika
35%
21.041El SalvadorNordamerika
35%
18.274FidschiOzeanien
35%
27.750HaitiNordamerika
35%
70.273IrlandEuropa
35%
181.035KambodschaAsien
35%
199.951KirgisistanAsien
35%
811KiribatiOzeanien
35%
17.818KuwaitAsien
35%
236.800LaosAsien
35%
64.589LettlandEuropa
35%
111.369LiberiaAfrika
35%
65.300LitauenEuropa
35%
702MikronesienOzeanien
35%
41.543NiederlandeEuropa
35%
25.713NordmazedonienEuropa
35%
309.500OmanAsien
35%
299.000PhilippinenAsien
35%
28.896SalomonenOzeanien
35%
2.831SamoaOzeanien
35%
196.722SenegalAfrika
35%
77.474SerbienEuropa
35%
163.610TunesienAfrika
35%
241.038UgandaAfrika
35%
30.528BelgienEuropa
34%
22.966BelizeNordamerika
34%
112.622BeninAfrika
34%
43.094DänemarkEuropa
34%
45.228EstlandEuropa
34%
267.667GabunAfrika
34%
238.533GhanaAfrika
34%
10.991JamaikaNordamerika
34%
11.586KatarAsien
34%
10.400LibanonAsien
34%
41.277SchweizEuropa
34%
99.720SüdkoreaAsien
34%
185.180SyrienAsien
34%
56.785TogoAfrika
34%
5.128Trinidad und TobagoNordamerika
34%
28.748AlbanienEuropa
33%
86.600AserbaidschanAsien
33%
13.880BahamasNordamerika
33%
51.197Bosnien und HerzegowinaEuropa
33%
274.200Burkina FasoAfrika
33%
23.200DschibutiAfrika
33%
11.295GambiaAfrika
33%
245.857GuineaAfrika
33%
22.380IsraelAsien
33%
56.594KroatienEuropa
33%
33.851MoldawienEuropa
33%
14.874OsttimorAsien
33%
49.035SlowakeiEuropa
33%
20.273SlowenienEuropa
33%
12.189VanuatuOzeanien
33%
17.364EswatiniAfrika
32%
69.700GeorgienAsien
32%
89.342JordanienAsien
32%
71.740Sierra LeoneAfrika
32%
28.051ÄquatorialguineaAfrika
31%
38.394BhutanAsien
31%
27.830BurundiAfrika
31%
36.125Guinea-BissauAfrika
31%
30.355LesothoAfrika
31%
26.338RuandaAfrika
31%
65.610Sri LankaAsien
31%
35.980TaiwanAsien
31%
83.600Vereinigte Arabische EmirateAsien
31%
29.743ArmenienAsien
29%

Verteilung der Resultate

Perzentil nach korrekt beantworteten Fragen

Anzahl Personen mit jedem Resultat

Ihre Resultats-Entwicklung

Sie haben dieses Quiz noch nicht gespielt